000 00875nam a22003017a 4500
001 5101
003 FISKH
005 20241106115436.0
008 241106b cb ||||| |||| 00| 0 eng d
020 _a9781416902676
040 _aFISKH
_beng
_cFISKH
_dFISKH
050 _aPZ7.H772
082 _a813.6
100 _aHope, Lee Laura
_d(1948-)
245 _aFeddie and flossie and snap /
_cby Laura Lee Hope illustrated by Chuck Pyle
250 _aFirst paperback edition in 2005
260 _aNew York :
_bAladdin,
_c2005.
300 _a32 pages :
_bColor illustrations ;
_c23 cm
505 _aE
520 _aTwins Freddie and Flossie play catch with their dog Snap.
521 8 _a210L
_bLexile
521 8 _aE
_bRaz-Plus
650 _2Dog
_aTwins
650 _2Emery
_aFamily
700 _aPyle, Chuck
_dIllustrator
942 _2ddc
_cBK
_n0
999 _c5101
_d5101